Entraineurs de l'ASSE (football) sous l'ère Caiazzo/Romeyer - Statistiques

Statistiques générales
  • Ce quiz a été pris 515 fois
  • Le résultat moyen est 5 sur 9
Statistiques - réponses
Saison Durée Matchs Nationalité Entraineur % Correct
2009-10 7 ans et 6 mois 361 Français Christophe Galtier
97%
2019-20 En cours En cours Français Claude Puel
86%
2017-18 1 an et 6 mois 63 Français Jean-Louis Gasset
80%
2017-18 6 mois 13 Espagnol Oscar Garcia Junyent
76%
2017-18 1 mois 6 Français Julien Sablé
69%
2019-20 5 mois 10 Français Ghislain Printant
48%
2008-09 1 an et 1 mois 51 Français Alain Perrin
42%
2006-07 1 an 42 Tchèque Ivan Hasek
20%
2007-08 1 an et 6 mois 58 Français Laurent Roussey
18%
Aucun quiz correspondant
Distribution des résultats
% des personnes avec chaque résultat
Percentile par nombre de réponses
Votre historique - résultats
Vous n’avez pas pris ce quiz